000
00499nam a2200181Ia 4500
008
090124s9999 xx 000 0 und d
082
_b
16078
100
_a
कालेलकर मधुसूदन
245
_a
आसावरी
250
_a
1
260
_c
1967
300
_a
98
600
_a
कालेलकर मधुसूदन
630
_a
आसावरी
700
_a
कालेलकर मधुसूदन
730
_a
आसावरी
942
_c
BOOK
999
_c
130018
_d
130018